| 000 | 00722nam a2200217Ia 4500 | ||
|---|---|---|---|
| 003 | GCL | ||
| 008 | 140319s9999 xx 000 0 ara d | ||
| 040 |
_aGCL / _cGCL |
||
| 082 | 0 | 4 |
_a615.1 _bا ا |
| 100 | 1 | _aاحمد محمد سعودى الكرزون | |
| 245 | 1 | 0 |
_aالادوية الباطنية / _cاحمد محمد سعودى الكرزون |
| 250 | _aالاولى | ||
| 260 |
_aالاردن : _bمكتبة المجتمع العربى للنشر والتوزيع ، _c2006 |
||
| 300 |
_a223 ص ؛ _c24 سم |
||
| 650 | 0 | 4 | _aالادوية |
| 650 | 0 | 4 | _aالعقاقير |
| 650 | 0 | 4 | _aالجهاز العصبى |
| 650 | 0 | 4 | _aالغدد الصماء |
| 650 | 0 | 4 | _aالادوية - سموم |
| 942 |
_2ddc _cBK |
||
| 999 |
_c8457 _d8457 |
||